| 000 | 00517nam a22001937a 4500 | ||
|---|---|---|---|
| 003 | KOHA_MİRAKIL | ||
| 005 | 20240930101014.0 | ||
| 008 | 240929b2021 tu ||||| |||| 00| 0 tur d | ||
| 020 | _a9786050605655 | ||
| 040 |
_aTR-AnABB _btur _cTR-AnABB |
||
| 041 | _atur | ||
| 082 |
_a895.734 _bKAN 2021 |
||
| 100 |
_aKang, Han, _d1970-. |
||
| 245 | 0 |
_aBeyaz kitap / _cHan Kang. |
|
| 260 |
_aİstanbul : _bAyrıntı Basımevi, _c2021. |
||
| 300 |
_a143 sayfa ; _c21 cm. |
||
| 650 | _aKore edebiyatı, roman | ||
| 942 |
_2ddc _cBK |
||
| 999 |
_c2090 _d2090 |
||